000 00421nam a22001697a 4500
003 MPLRDC
005 20220104143245.0
008 210129b ||||| |||| 00| 0 eng d
082 _a859.6 ZGM-2 v.1 c.2
100 _a海风出版社编辑部
245 _a猴女
_c
260 _a
_b海风出版社
_c
300 _b
490 _a中国民间传奇故事简体版
650 _a
942 _cBK
_o859.6 ZGM-2 v.1 c.2
999 _c38140
_d38130